00361nam a2200181Ia 4500003000900000008004100009040001300050040001300063041000800076100001700084245002000101250001100121260000800132260000900140300000800149490001600157490000600173IT-RoPAU120407s9999 xx 000 0 und d aIT-RoPAU cIT-RoPAU aita aWilla Cather aIl Gelso bianco aTorino aSas c1953 c cm aUniversa, 3 v1